[Event "Asuncion zt 2.5 (Women)"]
[Site "Asuncion"]
[Date "2023.03.10"]
[Round "8"]
[White "Perez, Dalila"]
[Black "Mayeregger Gonzalez, Renata Valentina"]
[Result "1/2-1/2"]
[WhiteElo "1699"]
[BlackElo "1660"]
[PlyCount "43"]
[EventDate "2023.03.05"]
[EventType "swiss"]
[EventRounds "9"]
[EventCountry "PAR"]
[SourceTitle "CBM 213 Extra"]
[Source "ChessBase"]
[SourceDate "2023.05.31"]
[SourceVersion "1"]
[SourceVersionDate "2023.05.31"]
[SourceQuality "1"]

1. d4 c5 2. d5 e6 3. c4 exd5 4. cxd5 d6 5. Nc3 g6 6. Nf3 Bg7 7. g3 Ne7 8. Bg2 0-0 9. 0-0 a6 10. a4 Bg4 11. Bf4 Qb6 12. Qd2 Nd7 13. a5 Qc7 14. Ng5 Ne5 15. Bxe5 Bxe5 16. h3 Bd7 17. e4 Bg7 18. Nf3 Bb5 19. Rfd1 Qd7 20. Qf4 Rad8 21. Rd2 h6 22. h4 1/2-1/2

[Event "Asuncion zt 2.5 (Women)"]
[Site "Asuncion"]
[Date "2023.03.08"]
[Round "6"]
[White "Lugo Martinez, Jimena Sofia"]
[Black "Perez, Dalila"]
[Result "1/2-1/2"]
[WhiteElo "1260"]
[BlackElo "1699"]
[PlyCount "70"]
[EventDate "2023.03.05"]
[EventType "swiss"]
[EventRounds "9"]
[EventCountry "PAR"]
[SourceTitle "CBM 213 Extra"]
[Source "ChessBase"]
[SourceDate "2023.05.31"]
[SourceVersion "1"]
[SourceVersionDate "2023.05.31"]
[SourceQuality "1"]

1. e4 e6 2. d4 d5 3. Nc3 Nf6 4. e5 Nfd7 5. Bd3 a6 6. Nf3 Be7 7. Bd2 c5 8. Be3 Nc6 9. dxc5 Ndxe5 10. Nxe5 Nxe5 11. Bd4 Nxd3+ 12. cxd3 0-0 13. 0-0 Bd7 14. Be3 Qc7 15. d4 Bc6 16. Qg4 Bf6 17. f4 b6 18. b4 bxc5 19. bxc5 Qa5 20. Ne2 Bb5 21. Rf2 Bxe2 22. Rxe2 Qa4 23. Rd2 Rab8 24. Rf1 Rb5 25. Rfd1 Rfb8 26. Qe2 Rb4 27. Qf2 g6 28. g4 Bd8 29. f5 exf5 30. gxf5 Ba5 31. fxg6 fxg6 32. Rf1 Qd7 33. Bh6 Qg4+ 34. Kh1 Qe4+ 35. Kg1 Qg4+ 1/2-1/2

[Event "Asuncion zt 2.5 (Women)"]
[Site "Asuncion"]
[Date "2023.03.07"]
[Round "4"]
[White "Campos, Maria Jose"]
[Black "Perez, Dalila"]
[Result "1-0"]
[WhiteElo "2216"]
[BlackElo "1699"]
[PlyCount "113"]
[EventDate "2023.03.05"]
[EventType "swiss"]
[EventRounds "9"]
[EventCountry "PAR"]
[SourceTitle "CBM 213 Extra"]
[Source "ChessBase"]
[SourceDate "2023.05.31"]
[SourceVersion "1"]
[SourceVersionDate "2023.05.31"]
[SourceQuality "1"]

1. c4 c6 2. Nf3 d5 3. g3 Nf6 4. Bg2 Bf5 5. Qb3 Qb6 6. d3 e6 7. Be3 Qxb3 8. axb3 a6 9. Bd4 Be7 10. 0-0 h6 11. Na3 Nbd7 12. Bc3 c5 13. Nc2 0-0 14. h3 Bh7 15. Ra2 Rac8 16. Ne5 Rfd8 17. f4 Nb8 18. Ba5 Re8 19. Ne3 b6 20. Bxb6 Nfd7 21. Nxd7 Nxd7 22. Ba5 d4 23. Nc2 Bd6 24. b4 e5 25. f5 e4 26. g4 cxb4 27. Bxb4 exd3 28. exd3 Bxb4 29. Nxb4 Nc5 30. Ra5 g6 31. Bc6 Re5 32. Bd5 Re3 33. Rf3 gxf5 34. gxf5 Kf8 35. h4 Bg8 36. Kf2 Re5 37. Nxa6 Nb3 38. Rb5 Nd2 39. Rf4 Rce8 40. Be4 Nxe4+ 41. Rxe4 Rxe4 42. dxe4 Rxe4 43. Kf3 Re3+ 44. Kf4 f6 45. Rb8+ Kg7 46. b3 h5 47. Nc5 Rh3 48. Ne6+ Bxe6 49. fxe6 d3 50. e7 d2 51. e8Q Rf3+ 52. Kxf3 d1Q+ 53. Qe2 Qd7 54. Qg2+ Kh7 55. Qg8+ Kh6 56. Qh8+ Kg6 57. Qe8+ 1-0

[Event "Vicente Lopez ProAm 100 Years op"]
[Site "Buenos Aires"]
[Date "2022.10.16"]
[Round "6"]
[White "Perez, Dalila"]
[Black "Sarquis, Maria Belen"]
[Result "1/2-1/2"]
[WhiteElo "1748"]
[BlackElo "2069"]
[PlyCount "208"]
[EventDate "2022.10.11"]
[EventType "swiss"]
[EventRounds "9"]
[EventCountry "ARG"]
[SourceTitle "CBM 210 Extra"]
[Source "ChessBase"]
[SourceDate "2022.11.30"]
[SourceVersion "1"]
[SourceVersionDate "2022.11.30"]
[SourceQuality "1"]

1. d4 Nf6 2. Nf3 e6 3. c4 b6 4. g3 Ba6 5. Qc2 c5 6. Bg2 Bb7 7. e3 cxd4 8. exd4 d5 9. 0-0 Be7 10. Nc3 0-0 11. cxd5 Nxd5 12. Rd1 Na6 13. a3 Rc8 14. Qd3 Nxc3 15. bxc3 Qc7 16. Bd2 Rfd8 17. Ng5 Bxg5 18. Bxg5 Rd7 19. Bxb7 Qxb7 20. Qe3 Qd5 21. Bf4 Rc4 22. h4 Nc7 23. Be5 f6 24. Bxc7 Rdxc7 25. Rd3 R7c6 26. Rad1 b5 27. Qd2 Ra6 28. Qb2 Rca4 29. Ra1 R6a5 30. Re3 Ra6 31. Rae1 Kf7 32. Ra1 R6a5 33. Kh2 Rc4 34. Rae1 Ra6 35. Qb1 g6 36. Qb2 Rac6 37. Qd2 a5 38. Rd3 Kg7 39. Ree3 Ra4 40. Qb2 Rb6 41. Rf3 Qd6 42. h5 Qxa3 43. Qd2 Qd6 44. Qe3 g5 45. d5 e5 46. Rd1 Rc4 47. Qe2 a4 48. Qc2 b4 49. Qxa4 g4 50. Rfd3 Qc5 51. Qd7+ Kh6 52. Qf5 e4 53. cxb4 Rcxb4 54. R3d2 Rd6 55. Qxg4 e3 56. Rd4 e2 57. Qxe2 Rxd4 58. Qe3+ Kg7 59. Qxd4 Qc2 60. Rd2 Qf5 61. g4 Qf3 62. Rd3 Qe2 63. Kg2 h6 64. Rf3 Qa2 65. Rf5 Qa5 66. Qe4 Kf7 67. Qc4 Qd8 68. Qb3 Qe7 69. Qd3 Kg7 70. Rf3 Qf7 71. Rf5 Qe7 72. Rf4 Qf7 73. Rd4 Kf8 74. Qf5 Kg7 75. Rd3 Kg8 76. Qf4 Rxd5 77. Rc3 Kg7 78. Rc7 Rd7 79. Rxd7 Qxd7 80. Qe4 Qf7 81. Kg3 Qc7+ 82. Qf4 Qc3+ 83. Kg2 Qc6+ 84. Qf3 Qd7 85. Qe4 Qf7 86. Qf3 Qd7 87. Qe4 Qf7 88. Kg3 Qc7+ 89. Kg2 Qf7 90. Qf3 Qd7 91. Kh3 Qf7 92. Qe4 Kg8 93. Qf5 Kg7 94. Qe4 Kg8 95. Kg3 Kg7 96. Qf4 Qb3+ 97. f3 Qf7 98. Qd6 Qa7 99. Qc6 Qg1+ 100. Kf4 Qh2+ 101. Ke3 Qe5+ 102. Kd3 Qe7 103. Qe4 Qd7+ 104. Ke3 Qf7 1/2-1/2

[Event "Olympiad Women-44"]
[Site "Chennai"]
[Date "2022.08.05"]
[Round "7.3"]
[White "Perez, Dalila"]
[Black "Stanford, Sheila Barth"]
[Result "0-1"]
[WhiteElo "1799"]
[BlackElo "2097"]
[PlyCount "86"]
[EventDate "2022.07.29"]
[EventType "team-swiss"]
[EventRounds "11"]
[EventCountry "IND"]
[SourceTitle "CBM 210"]
[Source "ChessBase"]
[SourceDate "2022.10.31"]
[SourceVersion "1"]
[SourceVersionDate "2022.10.31"]
[SourceQuality "1"]
[WhiteTeam "Paraguay (W)"]
[BlackTeam "Norway (W)"]
[WhiteTeamCountry "PAR"]
[BlackTeamCountry "NOR"]

1. d4 Nf6 2. Nf3 g6 3. c4 Bg7 4. Nc3 d5 5. g3 dxc4 6. Qa4+ Nfd7 7. Bf4 0-0 8. Qxc4 Nc6 9. Nd5 Nb6 10. Nxb6 axb6 11. Rd1 Ra5 12. a3 Bf5 13. Bg2 Be4 14. Be3 e6 15. 0-0 Ne7 16. Bd2 Ra6 17. Bb4 Re8 18. Bxe7 Rxe7 19. e3 Rd7 20. Rc1 c6 21. Rfe1 b5 22. Qe2 Bd5 23. Qc2 f5 24. Ne5 Bxe5 25. dxe5 Bxg2 26. Kxg2 Rd2 27. Qc3 Ra8 28. Kg1 Qd5 29. e4 fxe4 30. Rxe4 Rxf2 31. Kxf2 Qxe4 32. Kg1 Rf8 33. Qc5 Rf3 34. Qb6 Qe3+ 35. Qxe3 Rxe3 36. Rd1 Rxe5 37. Rd8+ Kf7 38. Rd7+ Kf6 39. Rxb7 Re2 40. Rc7 Rxb2 41. Rxc6 Kf5 42. Rb6 Rb3 43. Kf2 e5 0-1

[Event "PAR-ch (Women)"]
[Site "Asuncion"]
[Date "2019.11.09"]
[Round "7"]
[White "Avalos, Leticia"]
[Black "Perez, Dalila"]
[Result "1-0"]
[WhiteElo "1662"]
[BlackElo "1879"]
[PlyCount "97"]
[EventDate "2019.11.04"]
[EventType "tourn"]
[EventRounds "9"]
[EventCountry "PAR"]
[SourceTitle "CBM 193 Extra"]
[Source "ChessBase"]
[SourceDate "2020.01.31"]
[SourceVersion "1"]
[SourceVersionDate "2020.01.31"]
[SourceQuality "1"]

1. d4 d5 2. c4 c6 3. Nc3 Nf6 4. Nf3 e6 5. Bg5 Be7 6. e3 Nbd7 7. Bd3 dxc4 8. Bxc4 b5 9. Bd3 Bb7 10. 0-0 a6 11. h3 h6 12. Bf4 0-0 13. Qe2 c5 14. b3 Rc8 15. Rac1 Qa5 16. dxc5 Nxc5 17. Nd4 Nxd3 18. Qxd3 b4 19. Na4 e5 20. Nf5 Bd8 21. Nd6 Rxc1 22. Rxc1 Qd5 23. Qxd5 Bxd5 24. Bxe5 Nd7 25. Bd4 Be7 26. Nf5 Bd8 27. Nb2 Be6 28. Nd6 Be7 29. Nbc4 Nf6 30. Bb6 Nd5 31. Bd4 Rd8 32. Ne4 Rc8 33. Bb2 f5 34. Ned2 Bf6 35. Bxf6 gxf6 36. Ra1 f4 37. exf4 Nxf4 38. a3 Nd3 39. axb4 Nxb4 40. Ra4 Rb8 41. Ne4 Kg7 42. Ned6 Bd7 43. Ra1 Bc6 44. Re1 Kf8 45. Re6 Nd5 46. Ne4 Bd7 47. Rxa6 Bb5 48. Rd6 f5 49. Nc5 1-0

[Event "PAR-ch (Women)"]
[Site "Asuncion"]
[Date "2019.11.09"]
[Round "6"]
[White "Perez, Dalila"]
[Black "Zorrilla Videla, Maria Valentina"]
[Result "1-0"]
[WhiteElo "1879"]
[BlackElo "1268"]
[PlyCount "93"]
[EventDate "2019.11.04"]
[EventType "tourn"]
[EventRounds "9"]
[EventCountry "PAR"]
[SourceTitle "CBM 193 Extra"]
[Source "ChessBase"]
[SourceDate "2020.01.31"]
[SourceVersion "1"]
[SourceVersionDate "2020.01.31"]
[SourceQuality "1"]

1. d4 Nf6 2. c4 g6 3. Nc3 Bg7 4. e4 d6 5. Be2 0-0 6. Bg5 h6 7. Be3 Nbd7 8. Nf3 e5 9. 0-0 exd4 10. Nxd4 Nc5 11. f3 a5 12. Ndb5 Ne6 13. Qd2 Kh7 14. Rad1 Bd7 15. f4 Bxb5 16. cxb5 Nd7 17. f5 Nec5 18. Qc2 Qh4 19. Rf4 Qg5 20. Nd5 c6 21. bxc6 bxc6 22. Rf3 Qd8 23. Nf4 Ne5 24. Rg3 Qe7 25. b3 Rab8 26. Rh3 g5 27. Nh5 Rb4 28. Nxg7 Kxg7 29. Rxd6 Qxd6 30. Bxc5 Qf6 31. Bxf8+ Kxf8 32. a3 Rb7 33. Qc5+ Kg7 34. Qxa5 Rxb3 35. Rxb3 Qd6 36. Qc3 Kh7 37. a4 Qc7 38. a5 Qa7+ 39. Kf1 Nd7 40. Qxc6 Qd4 41. Rd3 Qe5 42. Qxd7 Qf6 43. e5 Qg7 44. a6 Qf8 45. e6 Kh8 46. Qxf7 Qc8 47. Qf6+ 1-0

[Event "PAR-ch (Women)"]
[Site "Asuncion"]
[Date "2019.11.08"]
[Round "5"]
[White "Valdez Oliva, Sofia Guadalupe"]
[Black "Perez, Dalila"]
[Result "0-1"]
[WhiteElo "1017"]
[BlackElo "1879"]
[PlyCount "72"]
[EventDate "2019.11.04"]
[EventType "tourn"]
[EventRounds "9"]
[EventCountry "PAR"]
[SourceTitle "CBM 193 Extra"]
[Source "ChessBase"]
[SourceDate "2020.01.31"]
[SourceVersion "1"]
[SourceVersionDate "2020.01.31"]
[SourceQuality "1"]

1. d4 d5 2. Nf3 Nf6 3. Bf4 c5 4. Nc3 Nc6 5. e3 Bg4 6. Be2 cxd4 7. exd4 a6 8. h3 Bf5 9. a3 e6 10. 0-0 Be7 11. Re1 0-0 12. Bd3 Bxd3 13. Qxd3 Rc8 14. h4 Qb6 15. Rab1 Na5 16. b4 Nc4 17. Ne2 Ne4 18. Ng3 f5 19. Ne5 Nxe5 20. Bxe5 Bxh4 21. Re2 Rc3 22. Qd1 Bxg3 23. fxg3 Rxa3 24. Re1 Rc3 25. Rf1 Qc6 26. Rf4 Rc8 27. Rh4 Qe8 28. Rb2 Qg6 29. g4 Qg5 30. Rh3 Rxh3 31. gxh3 Qe3+ 32. Kh2 Qf2+ 33. Kh1 Rc3 34. Rb3 Rxc2 35. Qg1 fxg4 36. hxg4 Qh4+ 0-1

[Event "PAR-ch sf (Women)"]
[Site "Asuncion"]
[Date "2019.09.21"]
[Round "3"]
[White "Perez, Dalila"]
[Black "Perez Canete, Dora Romina"]
[Result "1-0"]
[WhiteElo "1891"]
[BlackElo "1388"]
[PlyCount "41"]
[EventDate "2019.09.20"]
[EventType "swiss"]
[EventRounds "9"]
[EventCountry "PAR"]
[SourceTitle "CBM 194 Extra"]
[Source "ChessBase"]
[SourceDate "2020.03.31"]
[SourceVersion "1"]
[SourceVersionDate "2020.03.31"]
[SourceQuality "1"]

1. d4 d5 2. c4 c6 3. Nc3 Nf6 4. e3 dxc4 5. Bxc4 b5 6. Bb3 Bf5 7. a3 e6 8. Nf3 Bd6 9. 0-0 0-0 10. Re1 Nbd7 11. e4 Bxh2+ 12. Nxh2 Bg6 13. Bg5 Qb6 14. d5 exd5 15. exd5 Rad8 16. Qf3 Ne5 17. Rxe5 b4 18. Na4 Qb8 19. Rae1 cxd5 20. Bxd5 Qb5 21. Bxf7+ 1-0

[Event "PAR-ch qual1"]
[Site "Encarnacion"]
[Date "2019.03.04"]
[Round "6"]
[White "Castillo, Ricardo1111"]
[Black "Perez, Dalila"]
[Result "0-1"]
[WhiteElo "1424"]
[BlackElo "1884"]
[PlyCount "66"]
[EventDate "2019.03.01"]
[EventType "swiss"]
[EventRounds "7"]
[EventCountry "PAR"]
[SourceTitle "CBM 192 Extra"]
[Source "Chessbase"]
[SourceDate "2019.11.06"]
[SourceVersion "1"]
[SourceVersionDate "2019.11.06"]
[SourceQuality "1"]

1. e4 e6 2. f4 d5 3. exd5 exd5 4. Nf3 Nf6 5. d4 c5 6. c3 Nc6 7. Bb5 Bd7 8. Bxc6 Bxc6 9. 0-0 Be7 10. dxc5 Bxc5+ 11. Nd4 0-0 12. h3 a5 13. Kh1 Ne4 14. Kh2 Qb6 15. Nxc6 bxc6 16. Nd2 Rad8 17. Nb3 Bf2 18. Nd4 Bg3+ 19. Kg1 c5 20. Nf5 Qf6 21. Nxg3 Nxg3 22. Rf3 Ne4 23. Be3 d4 24. cxd4 cxd4 25. Bf2 d3 26. Rb1 Nxf2 27. Rxf2 Qd4 28. Qf3 Rfe8 29. Rd1 Re3 30. Qg4 f5 31. Qxf5 Re2 32. Rdf1 Rxf2 33. Rxf2 d2 0-1

[Event "PAR-ch qual1"]
[Site "Encarnacion"]
[Date "2019.03.04"]
[Round "7"]
[White "Perez, Dalila"]
[Black "Duba, Yamil"]
[Result "1-0"]
[WhiteElo "1884"]
[BlackElo "1570"]
[PlyCount "63"]
[EventDate "2019.03.01"]
[EventType "swiss"]
[EventRounds "7"]
[EventCountry "PAR"]
[SourceTitle "CBM 192 Extra"]
[Source "Chessbase"]
[SourceDate "2019.11.06"]
[SourceVersion "1"]
[SourceVersionDate "2019.11.06"]
[SourceQuality "1"]

1. d4 Nf6 2. c4 g6 3. Nc3 Bg7 4. e4 d6 5. f4 0-0 6. Be2 c5 7. d5 Na6 8. a3 Nc7 9. h3 a6 10. Nf3 b5 11. 0-0 b4 12. e5 bxc3 13. exf6 Bxf6 14. bxc3 Bxc3 15. Rb1 Bg7 16. Bd3 f5 17. Bc2 e6 18. dxe6 Nxe6 19. Qd5 Ra7 20. Ng5 Bd4+ 21. Kh1 Re7 22. Re1 Rf6 23. Rb8 Kg7 24. Nxe6+ Rfxe6 25. Rxe6 Bxe6 26. Qxd4+ cxd4 27. Rxd8 Bf7 28. Bb2 Re2 29. Bxd4+ Kh6 30. Bb3 Re1+ 31. Kh2 Rc1 32. Rxd6 1-0

[Event "PAR-ch qual1"]
[Site "Encarnacion"]
[Date "2019.03.02"]
[Round "3"]
[White "Perez, Dalila"]
[Black "Almiron, Antonio"]
[Result "0-1"]
[WhiteElo "1884"]
[BlackElo "2392"]
[PlyCount "112"]
[EventDate "2019.03.01"]
[EventType "swiss"]
[EventRounds "7"]
[EventCountry "PAR"]
[SourceTitle "CBM 192 Extra"]
[Source "Chessbase"]
[SourceDate "2019.11.06"]
[SourceVersion "1"]
[SourceVersionDate "2019.11.06"]
[SourceQuality "1"]

1. d4 d6 2. c4 Nd7 3. Nc3 e5 4. e3 Ngf6 5. Nf3 g6 6. Be2 Bg7 7. 0-0 0-0 8. Qc2 Re8 9. dxe5 dxe5 10. Rd1 c6 11. e4 Qc7 12. h3 Nh5 13. Be3 Nf4 14. Rac1 b6 15. b4 Ne6 16. a3 Bb7 17. Qb1 Rad8 18. b5 c5 19. Nd5 Qb8 20. Nh2 Nd4 21. Bf3 h6 22. Qd3 Kh7 23. Bd2 Qd6 24. a4 Nf6 25. Nf1 Nxd5 26. cxd5 f5 27. Ne3 Bc8 28. Nc4 Qf6 29. Be3 Bb7 30. Bxd4 cxd4 31. d6 Qf7 32. Re1 f4 33. a5 Bf8 34. axb6 axb6 35. Nxb6 Bxd6 36. Nd5 h5 37. Ra1 Kh6 38. Ra7 Bb8 39. Raa1 g5 40. g4 hxg4 41. hxg4 Qg6 42. Nb4 Rc8 43. Rec1 Kg7 44. Kg2 Rh8 45. Na6 Bd6 46. b6 Qh6 47. Rh1 Qe6 48. Qb5 Rxh1 49. Rxh1 Bxe4 50. Nc7 Qxg4+ 51. Kf1 Bxf3 52. Rg1 Bg2+ 53. Ke1 f3 54. Qd5 Bxc7 55. bxc7 Qf5 56. Qb7 Qd7 0-1

[Event "PAR-ch qual1"]
[Site "Encarnacion"]
[Date "2019.03.01"]
[Round "1"]
[White "Perez, Dalila"]
[Black "Benitez G, Crysthian Alejandri"]
[Result "1-0"]
[WhiteElo "1884"]
[BlackElo "1211"]
[PlyCount "57"]
[EventDate "2019.03.01"]
[EventType "swiss"]
[EventRounds "7"]
[EventCountry "PAR"]
[SourceTitle "CBM 192 Extra"]
[Source "Chessbase"]
[SourceDate "2019.11.06"]
[SourceVersion "1"]
[SourceVersionDate "2019.11.06"]
[SourceQuality "1"]

1. d4 d5 2. c4 e6 3. Nf3 c5 4. e3 Nc6 5. Nc3 Bd6 6. dxc5 Bxc5 7. cxd5 exd5 8. Qxd5 Qxd5 9. Nxd5 Bd6 10. Bd2 Bf5 11. Bb5 Nge7 12. Nxe7 Bxe7 13. Rc1 Bd7 14. 0-0 0-0 15. Rfd1 Rfd8 16. h3 Rac8 17. Bc3 a6 18. Bd3 h6 19. Be4 b5 20. a3 Be8 21. Nd4 Ne5 22. Ba5 Rxc1 23. Rxc1 Rb8 24. Bc7 Rc8 25. Bb7 Nd3 26. Rc3 b4 27. axb4 Bxb4 28. Bxc8 Bxc3 29. bxc3 1-0

[Event "Ciudad del Este qual 4th"]
[Site "Ciudad del Este"]
[Date "2017.07.02"]
[Round "6.7"]
[White "Park, Seong Je"]
[Black "Perez, Dalila"]
[Result "1/2-1/2"]
[WhiteElo "1699"]
[BlackElo "1899"]
[PlyCount "57"]
[EventDate "2017.06.30"]
[EventType "swiss"]
[EventRounds "7"]
[EventCountry "PAR"]
[SourceTitle "EXT 2023"]
[Source "ChessBase"]
[SourceDate "2022.10.05"]
[SourceVersion "1"]
[SourceVersionDate "2022.10.05"]
[SourceQuality "1"]

1. e4 e6 2. Nf3 d5 3. exd5 exd5 4. d4 Bd6 5. h3 h6 6. c4 dxc4 7. Bxc4 Nf6 8. Qe2+ Be7 9. 0-0 0-0 10. Bf4 c6 11. Nc3 Nbd7 12. Rad1 Nb6 13. Bb3 Re8 14. Qd2 Bb4 15. a3 Ba5 16. Rfe1 Rxe1+ 17. Rxe1 Bf5 18. Rc1 Nbd5 19. Bxd5 Nxd5 20. Bg3 Nf6 21. Qf4 Bg6 22. Bh2 Qd7 23. Ne5 Qf5 24. Nxg6 Qxg6 25. Qf3 Rd8 26. Be5 Nd7 27. Qf4 Qe6 28. Bc7 Bxc7 29. Qxc7 1/2-1/2

[Event "Olympiad Women-42"]
[Site "Baku"]
[Date "2016.09.12"]
[Round "10.2"]
[White "Perez, Dalila"]
[Black "Silva, Mariana Sofia Teixe"]
[Result "0-1"]
[WhiteElo "1860"]
[BlackElo "1789"]
[PlyCount "116"]
[EventDate "2016.09.02"]
[EventType "team-swiss"]
[EventRounds "11"]
[EventCountry "AZE"]
[SourceTitle "CBM 174 Extra"]
[Source "ChessBase"]
[SourceDate "2016.10.10"]
[SourceVersion "1"]
[SourceVersionDate "2016.10.10"]
[SourceQuality "1"]
[WhiteTeam "Paraguay (W)"]
[BlackTeam "Portugal (W)"]
[WhiteTeamCountry "PAR"]
[BlackTeamCountry "POR"]

1. d4 Nf6 2. c4 g6 3. Nc3 Bg7 4. e4 d6 5. f4 0-0 6. Nf3 c5 7. d5 b5 8. e5 Nfd7 9. cxb5 a6 10. b6 Nxb6 11. Be2 Bb7 12. Be3 N8d7 13. a4 dxe5 14. a5 exf4 15. Bxf4 Bxc3+ 16. bxc3 Nxd5 17. Bh6 N7f6 18. Qb3 Rb8 19. c4 Nb4 20. Qc3 Re8 21. 0-0 Bxf3 22. Qxf3 Nc2 23. Ra2 Nd4 24. Qf2 Qd7 25. h3 Rb4 26. Rd2 Qb7 27. Bd3 Nb3 28. Re2 Qd7 29. Kh1 Rd8 30. Rfe1 Qd4 31. Qf1 Rb7 32. Bc2 Qd6 33. Qf3 Rdb8 34. Rd1 Nd4 35. Qf1 Nxe2 36. Qxe2 Qc6 37. Rf1 Rd8 38. Qf2 Rbd7 39. Be3 Qe6 40. Ba4 Rd3 41. Re1 Qxc4 42. Bc2 Ne4 43. Qf4 Qxc2 44. Qxe4 Qc3 45. Re2 Rd1+ 46. Kh2 Qd3 47. Qg4 h5 48. Qf3 Qd5 49. Qf2 Rb8 50. Bxc5 Rbb1 51. Bxe7 Rh1+ 52. Kg3 Rb3+ 53. Kh4 Qc4+ 54. Kg5 Kh7 55. Bf6 Rb5+ 56. Be5 Qc1+ 57. Kh4 Rb4+ 58. Bd4 Rf1 0-1

[Event "Olympiad Women-42"]
[Site "Baku"]
[Date "2016.09.02"]
[Round "1.21"]
[White "Gevorgyan, Irina"]
[Black "Perez, Dalila"]
[Result "1-0"]
[WhiteElo "2324"]
[BlackElo "1860"]
[PlyCount "133"]
[EventDate "2016.09.02"]
[EventType "team-swiss"]
[EventRounds "11"]
[EventCountry "AZE"]
[SourceTitle "CBM 174 Extra"]
[Source "ChessBase"]
[SourceDate "2016.10.10"]
[SourceVersion "1"]
[SourceVersionDate "2016.10.10"]
[SourceQuality "1"]
[WhiteTeam "Uzbekistan (W)"]
[BlackTeam "Paraguay (W)"]
[WhiteTeamCountry "UZB"]
[BlackTeamCountry "PAR"]

1. Nf3 d5 2. d4 Nf6 3. c4 e6 4. Nc3 c6 5. e3 Nbd7 6. Qc2 Bd6 7. Be2 0-0 8. 0-0 dxc4 9. Bxc4 b5 10. Be2 Qe7 11. Ng5 e5 12. Nce4 Bb7 13. Nxd6 Qxd6 14. dxe5 Nxe5 15. Nf3 Rfe8 16. Rd1 Nd5 17. e4 Nxf3+ 18. Bxf3 Qg6 19. Bd2 Nf6 20. Re1 c5 21. Qxc5 Nxe4 22. Qxb5 Ba6 23. Qa4 Bb7 24. Rac1 Re6 25. Qb4 Bd5 26. Qd4 Bc6 27. Rxc6 Nxd2 28. Qxd2 Rxc6 29. Bxc6 Qxc6 30. h3 h6 31. Qd4 Qg6 32. Kh2 a6 33. Re3 Qf5 34. Rg3 g6 35. b3 Re8 36. Rf3 Qg5 37. Qf6 Qe5+ 38. Qxe5 Rxe5 39. Rf6 a5 40. Ra6 Kg7 41. a4 Rc5 42. g3 g5 43. g4 Rc3 44. Rb6 f6 45. Rb7+ Kg6 46. Rb6 Kg7 47. Kg2 Kf7 48. f3 Rc2+ 49. Kg3 Kg7 50. h4 Kf7 51. h5 Kg7 52. Rb7+ Kg8 53. Rb5 Rb2 54. Rxa5 Rxb3 55. Rf5 Kf7 56. Kf2 Ra3 57. a5 Ke7 58. Ke2 Kf7 59. Kd2 Ke7 60. Kc2 Ra4 61. Kb3 Ra1 62. Kb4 Rb1+ 63. Kc5 Ra1 64. Kb6 Ra3 65. a6 Rb3+ 66. Rb5 Ra3 67. a7 1-0

[Event "Asuncion Semana Santa op"]
[Site "Asuncion"]
[Date "2016.03.25"]
[Round "4"]
[White "Perez, Dalila"]
[Black "Riquelme Oviedo, Fabio"]
[Result "1-0"]
[WhiteElo "1865"]
[BlackElo "1589"]
[PlyCount "69"]
[EventDate "2016.03.24"]
[EventType "swiss"]
[EventRounds "7"]
[EventCountry "PAR"]
[SourceTitle "EXT 2017"]
[Source "ChessBase"]
[SourceDate "2016.10.25"]
[SourceVersion "1"]
[SourceVersionDate "2016.10.25"]
[SourceQuality "1"]

1. d4 d5 2. c4 Nf6 3. Nc3 e6 4. Nf3 Be7 5. e3 0-0 6. Bd3 Nc6 7. a3 a6 8. 0-0 dxc4 9. Bxc4 b5 10. Ba2 b4 11. axb4 Nxb4 12. Bc4 Bb7 13. Qe2 a5 14. e4 c6 15. Rd1 Qc7 16. Bg5 Rfd8 17. Rac1 h6 18. Bh4 Ne8 19. Bxe7 Qxe7 20. Na4 Nd6 21. Bb3 Ba6 22. Qe3 Bb5 23. Ne5 Ra6 24. Nc5 Ra7 25. Qh3 Qg5 26. Nf3 Qf4 27. Bxe6 Nxe4 28. Nxe4 fxe6 29. Qxe6+ Kh8 30. Ne5 Kh7 31. Re1 Raa8 32. Re3 Nd5 33. Qg6+ Kg8 34. Rf3 Qh4 35. Rf7 1-0

[Event "PAR-ch U20"]
[Site "Asuncion"]
[Date "2016.03.13"]
[Round "6.4"]
[White "Ramirez, Jorge Guillermo"]
[Black "Perez, Dalila"]
[Result "0-1"]
[WhiteElo "1606"]
[BlackElo "1865"]
[PlyCount "42"]
[EventDate "2016.03.11"]
[EventType "swiss"]
[EventRounds "7"]
[EventCountry "PAR"]
[SourceTitle "EXT 2023"]
[Source "ChessBase"]
[SourceDate "2022.10.05"]
[SourceVersion "1"]
[SourceVersionDate "2022.10.05"]
[SourceQuality "1"]

1. e4 e6 2. d3 d5 3. Nd2 Nf6 4. Ngf3 g6 5. g3 Bg7 6. Bg2 0-0 7. 0-0 c5 8. Re1 Nc6 9. c3 Nd7 10. Qe2 b6 11. Nf1 Ba6 12. exd5 exd5 13. Bg5 Nf6 14. Qd2 Bb7 15. Re2 Qd7 16. Rae1 Rfe8 17. Qf4 Nh5 18. Rxe8+ Rxe8 19. Rxe8+ Qxe8 20. Qc7 Ba6 21. Nh4 Be5 0-1